| 000 | 00665cab a2200241 4500 | ||
|---|---|---|---|
| 001 | WB3441-38 | ||
| 008 | 090401t1998 xxu||||| |||| 00| 0 eng d | ||
| 035 | _a(Sirsi) u89389 | ||
| 041 | _aeng | ||
| 245 | _aMoorland regeneration | ||
| 260 | _c1998 | ||
| 350 | _a0 | ||
| 490 |
_aMAFF News Release _v(420/98) 27 October 1998 (2) |
||
| 520 | _aGovernment has announced a £4.5m package aimed at regenerating moorland in Durham and North Yorkshire. Details. | ||
| 650 | _aDURHAM | ||
| 650 | _aMOORLAND | ||
| 650 | _aNORTH YORKSHIRE | ||
| 650 | _aOBJECTIVE 5B | ||
| 650 | _aREGENERATION | ||
| 690 | _aRURAL PRACTICE | ||
| 942 | _n0 | ||
| 948 | _c29/10/1998 | ||
| 999 |
_c56540 _d56540 |
||